000 00568nam a2200193 i 4500
001 85894
003 ES-MaACL
005 20240301063053.0
007 t|
008 041202s1945 sp ||||1| spa d
100 0 _aKafka, Franz,
_d1883-1924
_967400
245 1 3 _aLa metamorfosis /
_cFranz Kafka.
260 _aMadrid :
_bRevista de Occidente,
_c[1945] (
_fImp. Viuda de Galo Sáez)
300 _a134 p. ;
_c18 cm.
490 1 _aNovelas extrañas
830 1 _aNovelas extrañas
_9186544
852 _aES-MaACL
_jB-10491
999 _c85894
_d85894